02343nam a2200253 a 4500003000400000005001700004007001500021008004100036040000800077100002900085245018600114264004300300300006700343336002700410337002900437338003900466502002700505504006000532520129200592650003601884650005101920700004501971856007302016OSt20260209144809.0cr ||||||||a|a230502s2019 mx a|||fom||| 001 0 spa d erda1 aNava Morales, Hermelinda1 aPlan de negocio para la comercialización de productos alimenticios oaxaqueños en el mercado estadounidense /cpor Hermelinda Nava Morales; director de tesis Javier Ruiz Ledesma. 1aChapingo, México :bEl autor,c2019. a1 recurso en línea (114 páginas) :bilustraciones, tablas. 2rdacontentatextobtxt 2rdamediaacomputadorabc 2rdacarrierarecurso en líneabcr bLCIcDICEAd2019.gLIC aIncluye referencias bibliográficas: páginas 98-100. aLos productos alimenticios Oaxaqueños, son considerados como productos de la nostalgia para los oaxaqueños que radican en Estados Unidos, generalmente extrañan estos productos de su tierra natal y que es difícil poder conseguirlos con la calidad que estos demandan, lo cual, podría ser una oportunidad de negocios, porque de acuerdo con el Anuario de migración y remesas México 2019, Oaxaca es uno de los principales estados con mayor índice de migración hacia EE.UU. Por eso, este plan de negocio busca comercializar dichos productos, como son las tlayudas, el quesillo, los chapulines, el chocolate y el pan de yema, y las 7 variedades del mole Oaxaqueño. El atributo que mayormente exigen los clientes de estos alimentos es el sabor único e inigualable. Estos productos tendrán la calidad que los oaxaqueños demandan, ya que, los proveedores serán los mismos comerciantes del estado de Oaxaca y que ofrecen productos de alta calidad, reconocidos a nivel internacional. A demás cuentan con certificaciones de calidad, e inocuidad y así generar la confianza a los consumidores. La venta será totalmente online a través de una página web, y los sitios para publicidad serán las redes sociales (Facebook, Insta Gram,) y también marketing directo. 4aGastronomíaxMercadeozOaxaca 4aProductos alimenticiosxComercio electrónico1 aRuiz Ledesma, JaviereDirector de tesis. uhttp://10.13.5.2/tesis/tl/Nava_Morales_Hermelinda.pdfzDESCARGAR PDF